|
|
|
|
| LEADER |
00000cam a2200000 7i4500 |
| 001 |
0000003719 |
| 005 |
20110420.0 |
| 020 |
0 |
0 |
|a 9839269399
|
| 090 |
0 |
0 |
|a JPSM 634.909595
|b LANG 2005
|
| 245 |
0 |
0 |
|a Geoforest park :
|b Hanging gardens of Langkawi
|
| 260 |
0 |
0 |
|a Kuala Lumpur :
|b Forestry Department Peninsular Malaysia ,
|c 2005
|
| 300 |
|
|
|a 117 p. :
|b col. ill. ;
|c 30 cm.
|
| 650 |
0 |
0 |
|a Biology rocks and plants
|z Langkawi
|
| 650 |
0 |
0 |
|a Geologi
|z Langkawi
|
| 710 |
1 |
1 |
|a MALAYSIA ,
|c Jabatan Perhutanan Semenanjung Malaysia
|
| 998 |
|
|
|a JPSM
|
| 999 |
|
|
|a 007321
|b Monograph
|c Open Shelf
|e Default branch
|
| 999 |
|
|
|a 007322
|b Monograph
|c Open Shelf
|e Default branch
|
| 999 |
|
|
|a 007323
|b Monograph
|c Open Shelf
|e Default branch
|
| 999 |
|
|
|a 007324
|b Monograph
|c Open Shelf
|e Default branch
|
| 999 |
|
|
|a 007325
|b Monograph
|c Open Shelf
|e Default branch
|